000 00942nas a2200253 n 4500
003 PPAK
005 20230607153522.0
008 230606c1974 my bo gr 000 0 eng d
040 _aPPAK
_beng
_cPPAK
_erda
082 0 4 _223
_a959.505
090 0 0 _a959.505
_bZAI
_dKWS
100 0 _aZainal Abidin bin Abdul Wahid,
_cProf.,
_eauthor.
245 0 0 _aMALAYSIA in history /
_cProf. Zainal Abidin bin Abdul Wahid
264 1 _a[Kuala Lumpur] :
_bPersatuan Sejarah Malaysia,
_c1974
300 _a50 pages :
_bblack and white illustrations ;
_c24 cm
336 _atext
_2rdacontent
336 _astill image
_2rdacontent
337 _aunmediated
_2rdamedia
338 _avolume
_2rdacarrier
362 _aVolume Sixteen, Number Two (December 1973)
500 _aOffprint from The Magazine of the Malayan Historical Society Volume, 17, Number. 2, December 1974
651 0 _aMalaysia
_xHistory
_vPeriodicals
942 _cB
_2ddc
999 _c192099
_d192099